000 00549nam a2200193Ia 4500
005 20250508150821.0
008 008 250505s9999 xx 000 0 eng d
037 _aTextual
040 _aFEDL
_beng
_cFEDL
041 _aeng
_2eng
084 _a371.3, MAN
_qFEDL
100 _aMander John
_941687
245 0 _aClassroom teaching
260 _aLondon, UK
_bNewnes Educational Publishing Co. Ltd.
_c1950
300 _aviii,168p.
650 _aTeacher - Technique
_9755755
942 _cTEXL
_h371.3, MAN
999 _c1325849
_d1325849